000 00703cab a2200217 4500
001 WB3132-33
008 090401t1995 xxu||||| |||| 00| 0 eng d
035 _a(Sirsi) u57274
041 _aeng
245 _aFair prices best for quick deals
260 _c1995
350 _a0
490 _aEstates Gazette
_v(9534) 26 August 1995, 29(1)
520 _aBlack Horse Agencies first Home Report shows that the longer a property takes to sell the less the seller will get for it. Includes figures.
650 _aBLACK HORSE AGENCIES
650 _aHOME REPORT
650 _aPROPERTY SALES
690 _aPROPERTY-RESIDENTIAL PROPERTY-RESIDENTIAL PROPERTY MARKET
942 _n0
948 _c04/03/1997
999 _c34904
_d34904